000 00556cab a2200217 4500
001 X1613
008 090401t1994 xxu||||| |||| 00| 0 eng d
035 _a(Sirsi) u94881
041 _aeng
100 _aClarke, B.
245 _aPlain speaking about property
260 _c1994
350 _a0
490 _aCSM (Chartered Surveyor Monthly)
_v3(10) July/August 1994
650 _aORDINARY GENERAL MEETING
650 _aRICS
650 _a]
690 _aMANAGEMENT-BUSINESS MANAGEMENT-PROFESSIONAL PRACTICE
942 _n0
948 _c04/03/1997
999 _c59611
_d59611